书目信息 |
| 题名: |
民办学校分类管理推进策略研究
|
|
| 作者: | 董圣足 著 | |
| 分册: | ||
| 出版信息: | 上海 华东师范大学出版社 2020.6 |
|
| 页数: | 251页 | |
| 开本: | 24cm | |
| 丛书名: | 2035中国教育发展战略研究 | |
| 单 册: | ||
| 中图分类: | G522.74 | |
| 科图分类: | ||
| 主题词: | 民办学校--学校管理--研究--中国 | |
| 电子资源: | ||
| ISBN: | 978-7-5675-5133-6 | |
| 000 | 01085nam 2200301 45 | |
| 001 | 012001004191 | |
| 005 | 20141014151321.0 | |
| 010 | @a978-7-5675-5133-6@dCNY56.00 | |
| 099 | @aCAL 012020050007 | |
| 100 | @a20200423d2020 ek y0chiy0110 ea | |
| 101 | 0 | @achi |
| 102 | @aCN@b310000 | |
| 105 | @aak a 000yy | |
| 106 | @ar | |
| 200 | 1 | @a民办学校分类管理推进策略研究@Amin ban xue xiao fen lei guan li tui jin ce lue yan jiu@f董圣足等著 |
| 210 | @a上海@c华东师范大学出版社@d2020.6 | |
| 215 | @a251页@c图@d24cm | |
| 225 | 2 | @a2035中国教育发展战略研究@A2035 zhong guo jiao yu fa zhan zhan lue yan jiu |
| 320 | @a有书目 (第246-249页) | |
| 330 | @a本书对如何积极稳妥地推进民办学校分类管理改革进行了深入思考和系统研究,主要分为以下六部分 | |
| 333 | @a教育行政管理者,民办教育研究者,民办学校管理者 | |
| 410 | 0 | @12001 @a2035中国教育发展战略研究 |
| 461 | 0 | @12001 @a2035中国教育发展战略研究 |
| 606 | 0 | @a民办学校@x学校管理@x研究@y中国 |
| 690 | @aG522.74@v5 | |
| 701 | 0 | @a董圣足@Adong sheng zu@4著 |
| 801 | @aCN@bAHXH@c20210922 | |
| 905 | @b1329849-53@dG522.74@e408@f5 | |
| 民办学校分类管理推进策略研究/董圣足等著.-上海:华东师范大学出版社,2020.6 |
| 251页:图;24cm.-(2035中国教育发展战略研究) |
| 使用对象:教育行政管理者,民办教育研究者,民办学校管理者 |
| ISBN 978-7-5675-5133-6:CNY56.00 |
| 本书对如何积极稳妥地推进民办学校分类管理改革进行了深入思考和系统研究,主要分为以下六部分 |
| ● |
| 相关链接 |
|
|
|
|
正题名:民办学校分类管理推进策略研究
索取号:G522.74/408
 
预约/预借
| 序号 | 登录号 | 条形码 | 馆藏地/架位号 | 状态 | 备注 |
| 1 | 1329849 | 213298493 | 第一样本阅览室/ [索取号:G522.74/408] | 在馆 | |
| 2 | 1329850 | 213298509 | 教育系资料室/ [索取号:G522.74/408] | 在馆 | |
| 3 | 1329851 | 213298518 | 教育系资料室/ [索取号:G522.74/408] | 在馆 | |
| 4 | 1329852 | 213298527 | 第四借阅区/ [索取号:G522.74/408] | 在馆 | |
| 5 | 1329853 | 213298536 | 第四借阅区/ [索取号:G522.74/408] | 在馆 |